|
|
|
|
| LEADER |
01385cam a22003014a 4500 |
| 001 |
13514431 |
| 003 |
BD-DhAAL |
| 005 |
20151020020002.0 |
| 008 |
130618t20112005njua 001 0 eng |
| 010 |
|
|
|a 2004046657
|
| 020 |
|
|
|a 9788177586435
|a 0131140809
|
| 040 |
|
|
|a DLC
|c DLC
|d BD-DhAAL
|
| 050 |
0 |
0 |
|a TK7870
|b .F52 2005
|
| 082 |
0 |
0 |
|a 621.3815
|2 22
|
| 100 |
1 |
|
|a Floyd, Thomas L.
|9 1874
|
| 245 |
1 |
0 |
|a Electronic devices /
|c Thomas L. Floyd.
|
| 250 |
|
|
|a 7th ed.
|
| 260 |
|
|
|a New Jersey ;
|a New Delhi ;
|b Pearson/Prentice Hall,
|c c2005. [Fourth impression 2011]
|
| 300 |
|
|
|a xviii, 973 p. :
|b ill. ;
|c 29 cm.
|
| 500 |
|
|
|a Includes index.
|
| 541 |
|
|
|e 27181,27182,27183
|
| 650 |
|
0 |
|a Electronic apparatus and appliances.
|9 2140
|
| 650 |
|
0 |
|a Solid state electronics.
|9 2141
|
| 942 |
|
|
|2 ddc
|c BK
|0 3
|
| 999 |
|
|
|c 13594
|d 13594
|
| 952 |
|
|
|0 0
|1 0
|2 ddc
|4 0
|6 621_381500000000000_FLO
|7 0
|9 22748
|a BRACUL
|b BRACUL
|c GEN
|d 2013-06-18
|e Parama
|g 675.00
|l 12
|m 133
|o 621.3815 FLO
|p 3010027181
|r 2025-09-23
|s 2025-05-25
|t 1
|w 2013-06-18
|y BK
|
| 952 |
|
|
|0 0
|1 0
|2 ddc
|4 0
|6 621_381500000000000_FLO
|7 0
|9 22749
|a BRACUL
|b BRACUL
|c GEN
|d 2013-06-18
|e Parama
|g 675.00
|l 10
|m 45
|o 621.3815 FLO
|p 3010027182
|r 2025-09-07
|s 2025-08-24
|t 2
|w 2013-06-18
|y BK
|
| 952 |
|
|
|0 0
|1 0
|2 ddc
|4 0
|6 621_381500000000000_FLO
|7 0
|9 22750
|a BRACUL
|b BRACUL
|c GEN
|d 2013-06-18
|e Parama
|g 675.00
|l 14
|m 119
|o 621.3815 FLO
|p 3010027183
|r 2019-08-21
|s 2019-07-31
|t 3
|w 2013-06-18
|y BK
|